000 00600nam a22001815i 4500
001 171646
003 ES-MaACL
005 20250902055926.0
008 090525s1967 sp |||| | spa d
080 _a338.93(04)
100 1 _aSoldevilla García, Emilio.
_9107116
245 1 3 _aLa empresa, unidad económica de producción y distribución /
_cEmilio Soldevilla.
260 _aBilbao :
_bFacultad de Ciencias Políticas, Económicas y Comerciales,
_c[1967]
300 _a415 p. ;
_c21 cm.
650 1 7 _aEmpresas
_2embne
_912209
852 _aES-MaACL
_jG-5072
_9R.62117
999 _c171646
_d171646